000 00685nam a2200217 a 4500
005 20210223130615.0
008 080918s2000 mx r 000 0 spa d
035 _aUPN01000159639
049 _aUNE
080 _a37.014.5 =20 EVA No.44.
245 0 0 _aEvaluation of projects in education: guide for the practioner/ by Jinapala Alles.
260 _aParis : UNESCO; New York : UNICEF; Rome : WFP, 1980.
300 _a44 p.; 30 cm. fot.
440 0 _aNotes, comments...; 44
690 _aProyectos educacionales
690 _aEvaluacion de la educacion
710 2 _aUNICEF
_924085
710 2 _aUNESCO
710 2 _aWFP. Programa de Alimentación Mundial
905 _aUNESCO
999 _c131753
_d131753